000 00603nam a2200205Ia 4500
003 IN-BaIIA
008 211028s9999 xx 000 0 eng d
040 _cIIA Library
080 _a530.1(042)
_bFEY-2
100 _aFeynman, Richard P.
245 0 _aFeynman lectures on physics
_bvol. 2
_cRichard P. Feynman
250 _a2nd ed.
260 _aReading
_bAddison-Wesley
_c1964
300 _a[various pagings.]
500 _aDonated by Mrs. Bappu
650 _aElectromagnetic fields
_92908
650 _aNASA Thesaurus
650 _aPhysics
_973
942 _cBK
999 _c7414
_d7414